[Event "19. Open de Sants Hostafrancs 2017"]
[Site "Barcelona ESP"]
[Date "2017.08.20"]
[Round "3.35"]
[White "Rabineau, Clement"]
[Black "Svetushkin, Dmitry"]
[Result "0-1"]
[WhiteElo "2297"]
[BlackElo "2558"]
[PlyCount "80"]
[EventDate "2017.08.18"]
[EventType "swiss"]
[EventRounds "10"]
[EventCountry "ESP"]
[SourceTitle "Ajedrez en Madrid"]
[Source "lmi"]
[SourceDate "2017.08.18"]

1. Nf3 Nf6 2. d4 e6 3. Bg5 h6 4. Bxf6 Qxf6 5. e4 d6 6. e5 Qd8 7. Nc3 d5 8. Ne2
c5 9. c3 Nc6 10. dxc5 Bxc5 11. Ned4 O-O 12. Nxc6 bxc6 13. Bd3 f6 14. O-O f5 15.
b4 Be7 16. a4 a5 17. Qd2 Bd7 18. Rfb1 Qb6 19. b5 c5 20. g3 Rad8 21. Bf1 Be8 22.
Bg2 f4 23. g4 Bg6 24. Re1 Rf7 25. Qe2 c4 26. Qd2 Be4 27. h3 h5 28. Qd4 Bc5 29.
Qd2 Rdf8 30. Rad1 hxg4 31. hxg4 Qb7 32. Qe2 Qc7 33. Qd2 g5 34. Qb2 Rh7 35. Kf1
Rh6 36. Ke2 Qg7 37. Rd4 Qg6 38. Kd1 Bxf3+ 39. Bxf3 Bxd4 40. cxd4 Qd3+ 0-1

[Event "19. Open de Sants Hostafrancs 2017"]
[Site "Barcelona ESP"]
[Date "2017.08.20"]
[Round "3.36"]
[White "Tahay, Alexis"]
[Black "Krysa, Leandro"]
[Result "0-1"]
[WhiteElo "2290"]
[BlackElo "2537"]
[PlyCount "58"]
[EventDate "2017.08.18"]
[EventType "swiss"]
[EventRounds "10"]
[EventCountry "ESP"]
[SourceTitle "Ajedrez en Madrid"]
[Source "lmi"]
[SourceDate "2017.08.18"]

1. e4 e5 2. Nf3 Nc6 3. Bb5 a6 4. Ba4 Nf6 5. O-O Be7 6. Re1 b5 7. Bb3 d6 8. c3
O-O 9. h3 Na5 10. Bc2 c5 11. d4 Nd7 12. d5 Nb6 13. Nbd2 Qe8 14. Nf1 f5 15. exf5
Bxf5 16. Bxf5 Rxf5 17. b3 Qg6 18. Ng3 Rff8 19. Be3 Bd8 20. Qd2 e4 21. Nh2 Bh4
22. Nhf1 Nb7 23. Rad1 Nd7 24. Qc2 Rae8 25. Bc1 e3 26. Re2 exf2+ 27. Rxf2 Bxg3
28. Rxf8+ Rxf8 29. Qxg6 Bf2+ 0-1

[Event "19. Open de Sants Hostafrancs 2017"]
[Site "Barcelona ESP"]
[Date "2017.08.20"]
[Round "3.37"]
[White "Gascon Del Nogal, Jose Rafael"]
[Black "Mendonca, Leon Luke"]
[Result "1/2-1/2"]
[WhiteElo "2498"]
[BlackElo "2286"]
[PlyCount "88"]
[EventDate "2017.08.18"]
[EventType "swiss"]
[EventRounds "10"]
[EventCountry "ESP"]
[SourceTitle "Ajedrez en Madrid"]
[Source "lmi"]
[SourceDate "2017.08.18"]

1. e4 c5 2. Ne2 Nc6 3. d4 cxd4 4. Nxd4 g6 5. c4 Bg7 6. Be3 Nf6 7. Nc3 O-O 8.
Be2 d6 9. O-O Bd7 10. f4 Nxd4 11. Bxd4 Bc6 12. Bf3 Nd7 13. Bxg7 Kxg7 14. Qd2
Rc8 15. Rad1 a6 16. Kh1 Qb6 17. b3 Nc5 18. Nd5 Bxd5 19. exd5 a5 20. Rde1 Rce8
21. Bg4 f5 22. Bf3 Qb4 23. Qb2+ Kg8 24. Re3 Rf7 25. g4 fxg4 26. Bxg4 Ref8 27.
f5 Nd7 28. Rg1 Ne5 29. fxg6 Rg7 30. Be6+ Kh8 31. Qd4 Rf6 32. h4 Rgxg6 33. Rd1
b6 34. h5 Rg7 35. Rh3 h6 36. Rg1 Qc5 37. Qxc5 bxc5 38. Rhg3 Rxg3 39. Rxg3 Kh7
40. Kg2 Rf8 41. Re3 Kg7 42. Rg3+ Kh7 43. Re3 Kg7 44. Rg3+ Kh7 1/2-1/2

[Event "19. Open de Sants Hostafrancs 2017"]
[Site "Barcelona ESP"]
[Date "2017.08.20"]
[Round "3.38"]
[White "Rios, Cristhian Camilo"]
[Black "Mohota, Nisha"]
[Result "1-0"]
[WhiteElo "2475"]
[BlackElo "2251"]
[PlyCount "75"]
[EventDate "2017.08.18"]
[EventType "swiss"]
[EventRounds "10"]
[EventCountry "ESP"]
[SourceTitle "Ajedrez en Madrid"]
[Source "lmi"]
[SourceDate "2017.08.18"]

1. d4 Nf6 2. c4 e6 3. Nc3 Bb4 4. Qc2 O-O 5. e4 d5 6. e5 Ne4 7. Bd3 c5 8. Nge2
cxd4 9. Nxd4 Nd7 10. Bf4 Qh4 11. g3 Qh5 12. cxd5 Bxc3+ 13. bxc3 exd5 14. Be2
Qg6 15. O-O Nec5 16. Qd1 Nb6 17. h4 h6 18. h5 Qh7 19. Nb3 Ne4 20. Bd3 g5 21.
Be3 Qg7 22. Bd4 g4 23. Bxe4 dxe4 24. Nc5 Bf5 25. Qe2 f6 26. exf6 Qf7 27. Rab1
Rac8 28. Rb5 Qh7 29. Nxb7 Nc4 30. Rd1 Rf7 31. Rc5 Nb6 32. Rxc8+ Nxc8 33. Nd8
Rc7 34. Qb5 Nd6 35. Qd5+ Nf7 36. Nxf7 Rxf7 37. Bc5 Kh8 38. Qa8+ 1-0

[Event "19. Open de Sants Hostafrancs 2017"]
[Site "Barcelona ESP"]
[Date "2017.08.20"]
[Round "3.39"]
[White "Ranaldi, Lucas"]
[Black "Christiansen, Johan-sebastian"]
[Result "0-1"]
[WhiteElo "2262"]
[BlackElo "2475"]
[PlyCount "70"]
[EventDate "2017.08.18"]
[EventType "swiss"]
[EventRounds "10"]
[EventCountry "ESP"]
[SourceTitle "Ajedrez en Madrid"]
[Source "lmi"]
[SourceDate "2017.08.18"]

1. Nf3 d5 2. e3 Nf6 3. c4 e6 4. b3 c5 5. Bb2 Nc6 6. Be2 d4 7. exd4 cxd4 8. d3
e5 9. O-O Be7 10. a3 a5 11. Nbd2 O-O 12. Ne1 Nd7 13. Rb1 Nc5 14. Ne4 Ne6 15.
Bc1 f5 16. Ng3 g6 17. Bf3 h5 18. Ne2 Kh7 19. Qc2 h4 20. Bxc6 bxc6 21. f4 e4 22.
b4 axb4 23. axb4 Nc7 24. Rb2 c5 25. dxe4 fxe4 26. Qxe4 Bf5 27. Qb7 Rb8 28. Qa7
d3 29. Nc3 cxb4 30. Nd5 Nxd5 31. cxd5 Rf7 32. Be3 Kg8 33. Rb3 Rc8 34. Qd4 Bc5
35. Qe5 Re7 0-1

[Event "19. Open de Sants Hostafrancs 2017"]
[Site "Barcelona ESP"]
[Date "2017.08.20"]
[Round "3.40"]
[White "Ventura Bolet, Maxim"]
[Black "Ramesh, R B."]
[Result "1/2-1/2"]
[WhiteElo "2228"]
[BlackElo "2470"]
[PlyCount "60"]
[EventDate "2017.08.18"]
[EventType "swiss"]
[EventRounds "10"]
[EventCountry "ESP"]
[SourceTitle "Ajedrez en Madrid"]
[Source "lmi"]
[SourceDate "2017.08.18"]

1. Nf3 Nf6 2. c4 e6 3. g3 d5 4. Bg2 d4 5. O-O c5 6. e3 Nc6 7. exd4 cxd4 8. d3
Bd6 9. Bg5 h6 10. Bxf6 Qxf6 11. Nbd2 Qd8 12. Re1 O-O 13. a3 a5 14. Rc1 e5 15.
c5 Bc7 16. Nc4 Re8 17. b4 axb4 18. axb4 Nxb4 19. Nfxe5 Na2 20. Ra1 Bxe5 21.
Nxe5 Nc3 22. Qh5 g6 23. Nxg6 Rxa1 24. Rxa1 Qg5 25. Nf4 Ne2+ 26. Kh1 Nxf4 27.
Qxg5+ hxg5 28. gxf4 gxf4 29. Be4 Kg7 30. Kg2 Re5 1/2-1/2

[Event "19. Open de Sants Hostafrancs 2017"]
[Site "Barcelona ESP"]
[Date "2017.08.20"]
[Round "3.41"]
[White "Jimenez Garcia, Emmanuel"]
[Black "Collins, Sam E"]
[Result "1/2-1/2"]
[WhiteElo "2219"]
[BlackElo "2443"]
[PlyCount "102"]
[EventDate "2017.08.18"]
[EventType "swiss"]
[EventRounds "10"]
[EventCountry "ESP"]
[SourceTitle "Ajedrez en Madrid"]
[Source "lmi"]
[SourceDate "2017.08.18"]

1. Nf3 d5 2. g3 g6 3. Bg2 Bg7 4. O-O e5 5. d3 Ne7 6. e4 O-O 7. exd5 Nxd5 8. Na3
c5 9. Nc4 Nc6 10. Re1 f6 11. Nfd2 b6 12. Ne4 h6 13. f4 Be6 14. fxe5 fxe5 15.
Be3 Qd7 16. Qd2 Kh7 17. Rf1 Nd4 18. c3 Nf5 19. Bf2 Rad8 20. Qe2 Nfe7 21. Ned2
Nc6 22. a4 Bg4 23. Bf3 Bh3 24. Rfe1 Nde7 25. Be4 Rf7 26. Nf1 Rdf8 27. Be3 Nf5
28. Bd2 Kg8 29. Nfe3 Nfe7 30. Rad1 h5 31. Bc1 Nd8 32. Bg2 Be6 33. b3 Bf6 34.
Rf1 Kg7 35. Rf2 Ndc6 36. Be4 Bh3 37. Bd2 Nd8 38. Bg2 Bxg2 39. Nxg2 Ndc6 40.
Rdf1 Rd8 41. Rf3 Rdf8 42. Qe4 Qd5 43. h3 Qxe4 44. dxe4 Ng8 45. Nge3 Bg5 46.
Rxf7+ Rxf7 47. Rxf7+ Kxf7 48. Nd5 Bxd2 49. Nxd2 Nf6 50. Nxf6 Kxf6 51. Nc4 Ke6
1/2-1/2

[Event "19. Open de Sants Hostafrancs 2017"]
[Site "Barcelona ESP"]
[Date "2017.08.20"]
[Round "3.42"]
[White "Trent, Lawrence"]
[Black "Addison, Bret C"]
[Result "1-0"]
[WhiteElo "2439"]
[BlackElo "2219"]
[PlyCount "41"]
[EventDate "2017.08.18"]
[EventType "swiss"]
[EventRounds "10"]
[EventCountry "ESP"]
[SourceTitle "Ajedrez en Madrid"]
[Source "lmi"]
[SourceDate "2017.08.18"]

1. e4 c6 2. Ne2 e5 3. d4 f6 4. Nbc3 g6 5. Be3 Nh6 6. f3 Nf7 7. Qd2 Bg7 8. h4 d6
9. O-O-O Qe7 10. g4 Nd7 11. Kb1 a6 12. Nc1 h5 13. gxh5 Rxh5 14. Qg2 Nf8 15.
N1e2 Rh7 16. Ng3 Be6 17. Bd3 O-O-O 18. d5 cxd5 19. exd5 Bxd5 20. Bxg6 Nxg6 21.
Nxd5 1-0

[Event "19. Open de Sants Hostafrancs 2017"]
[Site "Barcelona ESP"]
[Date "2017.08.20"]
[Round "3.43"]
[White "Sundararajan, Kidambi"]
[Black "Sole Pijuan, Ferran"]
[Result "1/2-1/2"]
[WhiteElo "2422"]
[BlackElo "2216"]
[PlyCount "49"]
[EventDate "2017.08.18"]
[EventType "swiss"]
[EventRounds "10"]
[EventCountry "ESP"]
[SourceTitle "Ajedrez en Madrid"]
[Source "lmi"]
[SourceDate "2017.08.18"]

1. g3 d5 2. Bg2 c6 3. d3 Bg4 4. h3 Bh5 5. f4 e6 6. Nf3 Nd7 7. O-O Bc5+ 8. e3
Ne7 9. Qe1 O-O 10. g4 Bg6 11. Nc3 h5 12. Ne2 hxg4 13. hxg4 f5 14. g5 a6 15.
Ned4 Bf7 16. Nh4 Qe8 17. b4 Bxd4 18. exd4 Ng6 19. Bd2 Nxh4 20. Qxh4 Bg6 21.
Rae1 Kf7 22. Re3 Rh8 23. Qf2 Kg8 24. Rfe1 Nf8 25. Re5 1/2-1/2

[Event "19. Open de Sants Hostafrancs 2017"]
[Site "Barcelona ESP"]
[Date "2017.08.20"]
[Round "3.44"]
[White "Valdes Romero, Leonardo"]
[Black "Hill, Alistair"]
[Result "1/2-1/2"]
[WhiteElo "2415"]
[BlackElo "2192"]
[PlyCount "68"]
[EventDate "2017.08.18"]
[EventType "swiss"]
[EventRounds "10"]
[EventCountry "ESP"]
[SourceTitle "Ajedrez en Madrid"]
[Source "lmi"]
[SourceDate "2017.08.18"]

1. Nf3 c5 2. c4 Nf6 3. g3 d5 4. Bg2 d4 5. b4 cxb4 6. a3 bxa3 7. Bxa3 Nc6 8. d3
g6 9. O-O Bg7 10. Nbd2 O-O 11. Qb3 Re8 12. Rfb1 Rb8 13. Qc2 h6 14. Ra2 e5 15.
Ne1 Qc7 16. Rab2 Bf8 17. Qa4 Bxa3 18. Qxa3 Bf5 19. Qa4 e4 20. dxe4 Nxe4 21.
Nxe4 Bxe4 22. Bxe4 Rxe4 23. Nd3 b6 24. c5 bxc5 25. Nxc5 Rxb2 26. Rxb2 Re8 27.
Rc2 Rc8 28. Nd3 Qb7 29. Qa2 Ne7 30. Rxc8+ Nxc8 31. Qc4 Qb1+ 32. Kg2 Qb7+ 33.
Kg1 Qb1+ 34. Kg2 Qb7+ 1/2-1/2

[Event "19. Open de Sants Hostafrancs 2017"]
[Site "Barcelona ESP"]
[Date "2017.08.20"]
[Round "3.45"]
[White "Villar Reymundo, Juan Antonio"]
[Black "Erdogdu, Mert"]
[Result "0-1"]
[WhiteElo "2215"]
[BlackElo "2415"]
[PlyCount "118"]
[EventDate "2017.08.18"]
[EventType "swiss"]
[EventRounds "10"]
[EventCountry "ESP"]
[SourceTitle "Ajedrez en Madrid"]
[Source "lmi"]
[SourceDate "2017.08.18"]

1. d4 Nf6 2. c4 g6 3. f3 Bg7 4. e4 d6 5. Nc3 c6 6. Bg5 a6 7. Qd2 b5 8. Rc1 O-O
9. b3 Nbd7 10. Nh3 bxc4 11. bxc4 c5 12. d5 Rb8 13. Nf2 Nb6 14. Be2 e5 15. O-O
Qc7 16. Rb1 Nh5 17. g3 f6 18. Be3 f5 19. exf5 gxf5 20. f4 exf4 21. gxf4 Nf6 22.
Kh1 Ng4 23. Nxg4 fxg4 24. Bd3 Bd7 25. Qc2 Rbe8 26. Rbe1 Kh8 27. Ne4 h6 28. Ng3
Ba4 29. Qc1 Qf7 30. Nf5 Nxc4 31. Qxc4 Bb5 32. Nxd6 Qh5 33. Nxb5 g3 34. Qc2
Qxd5+ 35. Be4 Rxe4 36. Nc7 Qh5 37. Qg2 Rf7 38. Nxa6 Rfe7 39. Bd2 Re2 40. Qxg3
Qd5+ 41. Qf3 Qxd2 42. Rxe2 Rxe2 43. Qh5 c4 44. Nc5 c3 45. Rb1 Re1+ 46. Rxe1
Qxe1+ 47. Kg2 Qd2+ 48. Kg3 Qe3+ 49. Kg2 c2 50. Nb3 Qxf4 51. Qe8+ Kh7 52. Qc6
Qg4+ 53. Kf1 Qd1+ 54. Kg2 Qe2+ 55. Kh3 h5 56. Qg2 Qd3+ 57. Qg3 Qf1+ 58. Qg2
Qf5+ 59. Kg3 Be5+ 0-1

[Event "19. Open de Sants Hostafrancs 2017"]
[Site "Barcelona ESP"]
[Date "2017.08.20"]
[Round "3.46"]
[White "Gomez Dieguez, David"]
[Black "Minko, Vladimir"]
[Result "1/2-1/2"]
[WhiteElo "2199"]
[BlackElo "2411"]
[PlyCount "98"]
[EventDate "2017.08.18"]
[EventType "swiss"]
[EventRounds "10"]
[EventCountry "ESP"]
[SourceTitle "Ajedrez en Madrid"]
[Source "lmi"]
[SourceDate "2017.08.18"]

1. e4 c5 2. Nc3 Nc6 3. Nge2 e6 4. d4 cxd4 5. Nxd4 Qc7 6. g3 a6 7. Bg2 Nf6 8.
O-O h5 9. Nxc6 dxc6 10. e5 Nd5 11. Ne4 b5 12. Re1 Bb7 13. Bg5 c5 14. c4 Nb6 15.
b3 Rc8 16. Qd3 Bc6 17. Rad1 Nd7 18. Nd6+ Bxd6 19. exd6 Qb7 20. Rxe6+ fxe6 21.
Qg6+ Kf8 22. Bh3 Nf6 23. Bxf6 Qf7 24. Be7+ Ke8 25. d7+ Kxe7 26. Qg5+ Qf6 27.
Qxc5+ Kf7 28. dxc8=Q Rxc8 29. Bg2 Qe7 30. Qxh5+ g6 31. Qh7+ Kf6 32. Qh4+ Kf7
33. Qxe7+ Kxe7 34. Bxc6 Rxc6 35. cxb5 axb5 36. a4 Rc3 37. Rb1 b4 38. Kf1 Kd6
39. Ke2 Ke5 40. Rb2 g5 41. h3 Kd4 42. Rd2+ Ke4 43. f3+ Rxf3 44. Rd4+ Kxd4 45.
Kxf3 Kd3 46. Kf2 Kd2 47. Kf3 Kd3 48. Kf2 Kd2 49. Kf3 Kd3 1/2-1/2

[Event "19. Open de Sants Hostafrancs 2017"]
[Site "Barcelona ESP"]
[Date "2017.08.20"]
[Round "3.47"]
[White "Salinas Herrera, Pablo"]
[Black "Louis, Thibault"]
[Result "1-0"]
[WhiteElo "2411"]
[BlackElo "2186"]
[PlyCount "81"]
[EventDate "2017.08.18"]
[EventType "swiss"]
[EventRounds "10"]
[EventCountry "ESP"]
[SourceTitle "Ajedrez en Madrid"]
[Source "lmi"]
[SourceDate "2017.08.18"]

1. e4 e6 2. d4 d5 3. Nc3 Nf6 4. Bd3 c5 5. Nf3 a6 6. exd5 exd5 7. Qe2+ Be7 8.
dxc5 O-O 9. Bg5 Nc6 10. O-O-O Be6 11. Bc4 Qa5 12. Bxf6 Bxf6 13. Nxd5 Bxd5 14.
Bxd5 Qxc5 15. Qe3 Qa5 16. Kb1 Rac8 17. Bb3 Rfe8 18. Qd2 Qc5 19. Rde1 Rxe1+ 20.
Rxe1 Na5 21. Qd7 Nxb3 22. Re8+ Rxe8 23. Qxe8+ Qf8 24. Qxf8+ Kxf8 25. axb3 g5
26. g4 h5 27. h3 hxg4 28. hxg4 Kg7 29. c3 Kg6 30. Kc2 Bg7 31. Nd4 Be5 32. Kd3
Kf6 33. b4 Bf4 34. Nb3 Ke5 35. Nc5 Bc1 36. Ke2 Kd5 37. Nd3 Bf4 38. Nxf4+ gxf4
39. Kd3 b5 40. b3 Ke5 41. c4 1-0

[Event "19. Open de Sants Hostafrancs 2017"]
[Site "Barcelona ESP"]
[Date "2017.08.20"]
[Round "3.48"]
[White "Sama Salinas, Hector"]
[Black "Mu, Ke"]
[Result "1/2-1/2"]
[WhiteElo "2186"]
[BlackElo "2411"]
[PlyCount "103"]
[EventDate "2017.08.18"]
[EventType "swiss"]
[EventRounds "10"]
[EventCountry "ESP"]
[SourceTitle "Ajedrez en Madrid"]
[Source "lmi"]
[SourceDate "2017.08.18"]

1. g3 Nf6 2. Bg2 d5 3. Nf3 e6 4. O-O Be7 5. b3 O-O 6. Bb2 c5 7. d3 Nc6 8. Nbd2
Re8 9. e4 d4 10. Nc4 Qc7 11. a4 e5 12. Nh4 a6 13. a5 Be6 14. Nf5 Bf8 15. Bc1
Kh8 16. f4 Bxf5 17. exf5 e4 18. dxe4 Nxe4 19. Bxe4 Rxe4 20. Qd3 Ree8 21. Bd2 f6
22. Rae1 Qf7 23. g4 Rad8 24. Rxe8 Rxe8 25. Re1 Rxe1+ 26. Bxe1 Qe8 27. Bg3 Nb4
28. Qf3 Nxc2 29. Qxb7 Nb4 30. Qf3 Qd7 31. Be1 Qd5 32. Qxd5 Nxd5 33. Bd2 Be7 34.
Kf2 Kg8 35. Kf3 Kf7 36. Ke4 Nc7 37. h4 Ke8 38. Nb6 Kd8 39. Nd5 Nb5 40. Nxe7
Kxe7 41. Kd5 Nc3+ 42. Kc4 Ne4 43. Be1 Kd6 44. b4 d3 45. bxc5+ Nxc5 46. Bb4 Kc6
47. g5 h6 48. gxh6 gxh6 49. Be1 Kd6 50. Bb4 Kc6 51. Be1 Kd6 52. Bb4 1/2-1/2

[Event "19. Open de Sants Hostafrancs 2017"]
[Site "Barcelona ESP"]
[Date "2017.08.20"]
[Round "3.49"]
[White "Suarez Uriel, Adrian"]
[Black "Blasco Coll, Andreu"]
[Result "1-0"]
[WhiteElo "2406"]
[BlackElo "2181"]
[PlyCount "107"]
[EventDate "2017.08.18"]
[EventType "swiss"]
[EventRounds "10"]
[EventCountry "ESP"]
[SourceTitle "Ajedrez en Madrid"]
[Source "lmi"]
[SourceDate "2017.08.18"]

1. e4 c6 2. d4 d5 3. e5 Bf5 4. Be3 e6 5. Nd2 Nd7 6. c3 f6 7. Ngf3 Qc7 8. Bf4
fxe5 9. Nxe5 Bd6 10. Ndf3 Ngf6 11. h3 O-O 12. Bh2 Be4 13. Qe2 Bxf3 14. gxf3
Bxe5 15. dxe5 Nh5 16. Qe3 Qb6 17. O-O-O g6 18. f4 Qxe3+ 19. fxe3 Nc5 20. Bg2
Rad8 21. b4 Ne4 22. Bxe4 dxe4 23. Rd6 Rxd6 24. exd6 Rd8 25. Rd1 Ng7 26. c4 Nf5
27. c5 Kf7 28. Kd2 Rb8 29. Ke2 Ke8 30. Rb1 b6 31. Rb3 Kd7 32. Bg1 Ng7 33. Bf2
bxc5 34. bxc5 Rb5 35. Be1 Nf5 36. Ra3 Rb7 37. Ra6 Ng7 38. Bd2 Nf5 39. Kd1 Rb1+
40. Kc2 Rb7 41. Ra4 Ng3 42. Be1 Nf5 43. Rxe4 Rb5 44. Re5 g5 45. a4 Rb8 46. fxg5
Rg8 47. h4 h6 48. gxh6 Rh8 49. Kd3 Rxh6 50. Re4 a6 51. Rb4 e5 52. Rb7+ Ke6 53.
e4 Nxh4 54. d7 1-0

[Event "19. Open de Sants Hostafrancs 2017"]
[Site "Barcelona ESP"]
[Date "2017.08.20"]
[Round "3.50"]
[White "German, Nikita"]
[Black "Perez Mitjans, Orelvis"]
[Result "1-0"]
[WhiteElo "2178"]
[BlackElo "2399"]
[PlyCount "43"]
[EventDate "2017.08.18"]
[EventType "swiss"]
[EventRounds "10"]
[EventCountry "ESP"]
[SourceTitle "Ajedrez en Madrid"]
[Source "lmi"]
[SourceDate "2017.08.18"]

1. e4 c5 2. Nf3 d6 3. d4 cxd4 4. Nxd4 Nf6 5. Nc3 a6 6. Be2 Nbd7 7. f4 e6 8. Bf3
Qc7 9. O-O Rb8 10. a4 b6 11. e5 dxe5 12. Nc6 exf4 13. Nxb8 Qxb8 14. Ne4 Nxe4
15. Bxe4 e5 16. Kh1 Be7 17. Qe2 Qc7 18. Bd2 O-O 19. Bf5 Bd6 20. Bc3 Bb7 21.
Rad1 Nc5 22. Qc4 1-0

[Event "19. Open de Sants Hostafrancs 2017"]
[Site "Barcelona ESP"]
[Date "2017.08.20"]
[Round "3.51"]
[White "Dhulipalla, Bala Chandra Prasad"]
[Black "Liu, Manli"]
[Result "1-0"]
[WhiteElo "2392"]
[BlackElo "2162"]
[PlyCount "49"]
[EventDate "2017.08.18"]
[EventType "swiss"]
[EventRounds "10"]
[EventCountry "ESP"]
[SourceTitle "Ajedrez en Madrid"]
[Source "lmi"]
[SourceDate "2017.08.18"]

1. d4 Nf6 2. Bf4 d5 3. e3 e6 4. Nd2 Bd6 5. Bg3 c5 6. c3 Nc6 7. Ngf3 O-O 8. Bb5
Bxg3 9. hxg3 Qb6 10. a4 a6 11. Bxc6 bxc6 12. Qb3 Qxb3 13. Nxb3 c4 14. Nc5 Rb8
15. b3 cxb3 16. Ne5 Ne4 17. Nxe4 dxe4 18. Nxc6 Rb6 19. Ne7+ Kh8 20. Kd2 h6 21.
Nxc8 Rxc8 22. Rab1 e5 23. Rb2 f6 24. Rf1 exd4 25. exd4 1-0

[Event "19. Open de Sants Hostafrancs 2017"]
[Site "Barcelona ESP"]
[Date "2017.08.20"]
[Round "3.52"]
[White "Ayza Leon, David"]
[Black "Duran Vega, Sergio"]
[Result "1/2-1/2"]
[WhiteElo "2170"]
[BlackElo "2389"]
[PlyCount "84"]
[EventDate "2017.08.18"]
[EventType "swiss"]
[EventRounds "10"]
[EventCountry "ESP"]
[SourceTitle "Ajedrez en Madrid"]
[Source "lmi"]
[SourceDate "2017.08.18"]

1. e4 c6 2. d4 d5 3. f3 e6 4. Nc3 Bb4 5. Bf4 Nf6 6. Qd3 b6 7. O-O-O Ba6 8. Qe3
Bxf1 9. Rxf1 O-O 10. Nge2 c5 11. Bg5 Bxc3 12. Nxc3 Nc6 13. Ne2 h6 14. Bxf6 Qxf6
15. Rd1 Rfd8 16. dxc5 d4 17. Qa3 Qg5+ 18. f4 Qxg2 19. Ng3 bxc5 20. Rdg1 Qf2 21.
Rf1 Qe3+ 22. Qxe3 dxe3 23. Re1 Rd2 24. Rxe3 Rf2 25. Rc3 Rxf4 26. Rxc5 Nd4 27.
c3 Nf3 28. Rf1 e5 29. Nh5 Nxh2 30. Nxf4 Nxf1 31. Rxe5 Ne3 32. b3 g5 33. Nd5 Ng4
34. Rf5 Kg7 35. c4 f6 36. c5 Rc8 37. b4 h5 38. Kd2 h4 39. Ke2 h3 40. Kf1 a5 41.
Nb6 Rd8 42. e5 Kg6 1/2-1/2

[Event "19. Open de Sants Hostafrancs 2017"]
[Site "Barcelona ESP"]
[Date "2017.08.20"]
[Round "3.53"]
[White "Panelo, Marcelo"]
[Black "Vicient Calvo, Ramon"]
[Result "1-0"]
[WhiteElo "2386"]
[BlackElo "2048"]
[PlyCount "95"]
[EventDate "2017.08.18"]
[EventType "swiss"]
[EventRounds "10"]
[EventCountry "ESP"]
[SourceTitle "Ajedrez en Madrid"]
[Source "lmi"]
[SourceDate "2017.08.18"]

1. Nf3 d5 2. d4 e6 3. c4 Nf6 4. g3 Bb4+ 5. Bd2 Bd6 6. Qc2 c6 7. Bg2 Nbd7 8. O-O
O-O 9. Bg5 h6 10. Bxf6 Nxf6 11. Nc3 dxc4 12. Rfd1 b5 13. a4 b4 14. Nb1 Qc7 15.
Nbd2 Ba6 16. Nxc4 Bxc4 17. Qxc4 Rac8 18. Rac1 c5 19. e3 Nd5 20. dxc5 Bxc5 21.
Nd4 Qd7 22. Nxe6 fxe6 23. Bxd5 exd5 24. Rxd5 Bxe3 25. Rc5+ Qf7 26. Rxc8 Bxc1
27. Rxf8+ Kxf8 28. Qxc1 Qb3 29. a5 Qa4 30. Qc5+ Kg8 31. Qxa7 Qd1+ 32. Kg2 Qd5+
33. f3 Qc4 34. Qa8+ Kf7 35. Qb7+ Kf6 36. Qb6+ Kf7 37. Qa7+ Kf6 38. g4 g5 39.
Qb6+ Kf7 40. Qb7+ Kg8 41. Qe4 Qc1 42. Qxb4 Qc2+ 43. Kg3 Qc1 44. Qb8+ Kh7 45.
Qa7+ Kg8 46. a6 Qf4+ 47. Kg2 Qe5 48. Qf2 1-0

[Event "19. Open de Sants Hostafrancs 2017"]
[Site "Barcelona ESP"]
[Date "2017.08.20"]
[Round "3.54"]
[White "Movileanu, Daniela"]
[Black "Haug, Johannes"]
[Result "0-1"]
[WhiteElo "2176"]
[BlackElo "2362"]
[PlyCount "102"]
[EventDate "2017.08.18"]
[EventType "swiss"]
[EventRounds "10"]
[EventCountry "ESP"]
[SourceTitle "Ajedrez en Madrid"]
[Source "lmi"]
[SourceDate "2017.08.18"]

1. e4 e6 2. d4 d5 3. Nd2 c5 4. exd5 Qxd5 5. dxc5 Nf6 6. Ngf3 Qxc5 7. Bd3 Nbd7
8. O-O Be7 9. a3 Qc7 10. Qe2 O-O 11. Ne4 b6 12. Bg5 Bb7 13. Nxf6+ Nxf6 14. Ne5
Rad8 15. Rad1 Nd5 16. Bxe7 Qxe7 17. Qg4 Qf6 18. Qe4 g6 19. g3 Nc3 20. Qxb7 Nxd1
21. Nc6 Nxb2 22. Nxd8 Rxd8 23. Bb5 Qg5 24. c4 Qc5 25. Qxa7 Nd3 26. a4 Kg7 27.
a5 bxa5 28. Qxa5 Rd6 29. Qc3+ e5 30. Kg2 Qd4 31. Qxd4 exd4 32. Kf3 Kf6 33. Rd1
Nc5 34. h4 h5 35. Kf4 Ke7 36. Re1+ Kf6 37. Rd1 Ke7 38. Re1+ Kd8 39. Rd1 Kc7 40.
Rd2 Nb3 41. Rd3 Nc5 42. Rd1 d3 43. Ke3 Re6+ 44. Kd4 Kd6 45. Rxd3 Nxd3 46. Kxd3
Kc5 47. Ba4 Rd6+ 48. Kc3 Rf6 49. f4 Re6 50. Kd2 Kxc4 51. Bc2 f5 0-1

[Event "19. Open de Sants Hostafrancs 2017"]
[Site "Barcelona ESP"]
[Date "2017.08.20"]
[Round "3.55"]
[White "Chueca Forcen, Alberto"]
[Black "Harshini, A."]
[Result "1/2-1/2"]
[WhiteElo "2361"]
[BlackElo "2031"]
[PlyCount "81"]
[EventDate "2017.08.18"]
[EventType "swiss"]
[EventRounds "10"]
[EventCountry "ESP"]
[SourceTitle "Ajedrez en Madrid"]
[Source "lmi"]
[SourceDate "2017.08.18"]

1. Nc3 Nf6 2. g4 d5 3. g5 Ne4 4. Nxe4 dxe4 5. Bg2 e5 6. d3 exd3 7. Qxd3 Qxd3 8.
cxd3 c6 9. Nf3 Bd6 10. O-O Bg4 11. Be3 Nd7 12. Rfc1 O-O 13. Kf1 f6 14. a3 f5
15. h4 a5 16. Rc2 Rae8 17. Rac1 Rf7 18. Bd2 Bc7 19. e3 Bb6 20. b4 axb4 21. axb4
Nf8 22. Nh2 Ng6 23. b5 Nxh4 24. bxc6 Nxg2 25. Kxg2 bxc6 26. Rxc6 Bd8 27. Nxg4
fxg4 28. g6 hxg6 29. Rxg6 Rd7 30. Rc3 Bf6 31. Rxg4 Red8 32. Rc6 Rd6 33. Rc7
Rxd3 34. Bb4 R3d7 35. Rgc4 Kf7 36. Kf3 Kg6 37. Ke4 Rd1 38. Rc1 Rxc1 39. Rxc1
Ra8 40. Bc3 Ra4+ 41. Kf3 1/2-1/2

[Event "19. Open de Sants Hostafrancs 2017"]
[Site "Barcelona ESP"]
[Date "2017.08.20"]
[Round "3.56"]
[White "Zulfic, Fedja"]
[Black "Cruz, Filemon"]
[Result "1-0"]
[WhiteElo "2141"]
[BlackElo "2344"]
[PlyCount "57"]
[EventDate "2017.08.18"]
[EventType "swiss"]
[EventRounds "10"]
[EventCountry "ESP"]
[SourceTitle "Ajedrez en Madrid"]
[Source "lmi"]
[SourceDate "2017.08.18"]

1. e4 c5 2. Nf3 d6 3. d4 Nf6 4. Nc3 cxd4 5. Nxd4 a6 6. Bg5 Nc6 7. Be2 e6 8. O-O
Bd7 9. a4 Be7 10. Kh1 Qc7 11. Nb3 b6 12. f4 O-O 13. Bf3 Rab8 14. Qe2 h6 15. Bh4
Bc8 16. Bg3 Re8 17. e5 dxe5 18. fxe5 Nd7 19. Qc4 Bb7 20. Bh5 Rf8 21. Rxf7 Rxf7
22. Qxe6 Ndxe5 23. Bxf7+ Kf8 24. Rf1 Bf6 25. Bh5 Qe7 26. Qxe7+ Kxe7 27. Nd5+
Ke6 28. Nxb6 Rd8 29. Nc5+ 1-0